Cities in the Arctic Circle - Sudden Death - Statistics

General Stats
  • This quiz has been taken 76 times
  • The average score is 3 of 10
Answers on the Grid
Answers color-coded by a green-red scale on the quiz's grid according to % correct below.
Murmansk
Aberdeen
Tromsø
Dundee
Copenhagen
Utqiagvik
Belfast
Kiruna
Norilsk
Arkhangelsk
Rovaniemi
Hammerfest
Reykjavík
Vorkuta
Bodø
Helsinki
Stavanger
Oslo
Yakutsk
Alta
 
Answer Stats
Answer % Correct
Murmansk
82%
Tromsø
64%
Utqiagvik
38%
Norilsk
27%
Kiruna
22%
Rovaniemi
16%
Bodø
13%
Hammerfest
13%
Vorkuta
11%
Alta
9%
No matching quizzes found
Score Distribution
Percent of People with Each Score
Percentile by Number Answered
Your Score History
You have not taken this quiz